000 00617nam a2200229Ia 4500
003 OSt
005 20220923230642.0
006 a|||||r|||| 00| 0
007 ta
008 Pun
024 _a289,180
037 _cTextual
040 _aARTS
_cARTS
_bPun
041 _2Pun
_aPun
082 _aP, 153K4
100 _aਸੂਰੀ, ਕਰਤਾਰ ਸਿੰਘ
_9156315
245 0 _aਪੰਜਾਬੀ ਭਾFਾ - ਵਿਗਿਆਨ
260 _c1964
650 _aਪੰਜਾਬੀ ਭਾFਾ
942 _hP, 153K4
_cTEXL
_2CC
999 _c386281
_d386281